logo

Bir Sreshtho Munshi Abdur Rouf Library
Jhenaidah Cadet College

Muslim community in Bengal, 1884-1912 / (Record no. 7421)

MARC details
000 -LEADER
fixed length control field 00989cam a2200301 a 4500
001 - CONTROL NUMBER
JCCL Control Number 7421
003 - CONTROL NUMBER IDENTIFIER
JCCL marc code BD-JhCC
005 - DATE AND TIME OF LATEST TRANSACTION
control field 20180418174124.0
008 - FIXED-LENGTH DATA ELEMENTS--GENERAL INFORMATION
fixed length control field 020807s2002 bg b b f001 0 beno
020 ## - INTERNATIONAL STANDARD BOOK NUMBER
International Standard Book Number 9840740954
035 ## - SYSTEM CONTROL NUMBER
system control number (BD-JhCC)7421
040 ## - CATALOGING SOURCE
Original cataloging agency DLC
Transcribing agency DLC
Modifying agency BD-JhCC
041 1# - LANGUAGE CODE
Language code of Book beneng
Language code of original and/or intermediate translations of text eng
050 00 - LIBRARY OF CONGRESS CALL NUMBER
Classification number DS485.B4512
Item number M8212 2002
082 ## - DEWEY DECIMAL CLASSIFICATION NUMBER
Author mark and Year AHM 2002
Classification number 954.1403
100 1# - MAIN ENTRY--PERSONAL NAME
Personal name Ahmed, Sufia.
245 10 - TITLE STATEMENT
Title Muslim community in Bengal, 1884-1912 /
Statement of responsibility, etc Sufia Ahmed
246 18 - VARYING FORM OF TITLE
Title proper/short title Bāṃlāra Musalima sampradāẏa
260 ## - PUBLICATION, DISTRIBUTION, ETC. (IMPRINT)
Place of publication, distribution, etc Ḍhākā :
Name of publisher, distributor, etc Bāṃlā Ekāḍemī,
Date of publication, distribution, etc 1974
300 ## - PHYSICAL DESCRIPTION
Pagination 425 p. :
Other physical details 1 folded map ;
Dimensions 22 cm.
504 ## - BIBLIOGRAPHY, ETC. NOTE
Bibliography, etc Includes bibliographical references (p. [304]-317) and index.
504 ## - BIBLIOGRAPHY, ETC. NOTE
Bibliography, etc "Bāṃlāẏa Musalamānadera racanābali": p. [156]-191.
520 ## - SUMMARY, ETC.
Summary, etc History of the Muslim community of Bengal from 1884 to 1912.
650 #0 - SUBJECT ADDED ENTRY--TOPICAL TERM
Topical term or geographic name as entry element Muslims
Geographic subdivision India
-- Bengal
General subdivision History.
651 #0 - SUBJECT ADDED ENTRY--GEOGRAPHIC NAME
Geographic name Bengal (India)
General subdivision History.
942 ## - ADDED ENTRY ELEMENTS (KOHA)
Source of classification or shelving scheme Dewey Decimal Classification
Koha item type Books
Holdings
Source of classification or shelving scheme Damaged status Not for loan Home library Current library Shelving location Total Checkouts Full call number Barcode Date last seen Copy number Koha item type
Dewey Decimal Classification     JCC Rouf Library JCC Rouf Library General Stacks   954.1403 AHM 2002 10019 02/10/2018 C - 1 Books

JCC Library | Contacts | JCC Home

Last Update on 23 September 2017
Copyright @ 2017-2020 JCC Rouf Library
Rouf Library, Jhenidah Cadet College (JCC), Bangladesh